Sports Quiz

Random Sports or Famous Quiz

NEXT Cover Athletes Quiz Stats

 Plays Quiz Updated Mar 13, 2012

Also try: ESPN Shows
Challenge
Share
Tweet
Embed
Score 0/18 Timer 04:00
8 Plays Today
Cover Date Athlete % Correct
Mar. 23, 1998Kobe Bryant
96.2%
Dec. 23, 2002LeBron James
92.5%
Dec. 14, 2009Kevin Durant
86.7%
Feb. 12, 2007Dwight Howard
82.3%
Dec. 15, 2008Matt Ryan
80.5%
Dec. 27, 1999Vince Carter
78.9%
Feb. 14, 2005Adrian Peterson
75.8%
Mar. 23, 1998Alex Rodriguez
74.1%
Dec. 25, 2000Yao Ming
73.7%
Cover Date Athlete % Correct
Feb. 13, 2006Reggie Bush
72.9%
Feb. 13, 2006Vince Young
72.1%
Dec. 28, 1998Randy Moss
59.5%
Dec. 24, 2001Brian Urlacher
54.8%
Mar. 23, 1998Eric Lindros
36.2%
Dec. 17, 2007Joba Chamberlain
36%
Mar. 23, 1998Kordell Stewart
33.2%
Dec. 28, 1998Keith Van Horn
13.3%
Dec. 22, 2003Kazuo Matsui
9.7%

You're not logged in!

Compare scores with friends on all Sporcle quizzes.
OR
Log In

You Might Also Like...

Show Comments

Extras

Top Quizzes Today


Score Distribution

Your Account Isn't Verified!

In order to create a playlist on Sporcle, you need to verify the email address you used during registration. Go to your Sporcle Settings to finish the process.

Report this User

Report this user for behavior that violates our Community Guidelines.

Details: